| 000 | 00785cab a2200253 4500 | ||
|---|---|---|---|
| 001 | ABS47496 | ||
| 008 | 090401t1992 xxu||||| |||| 00| 0 eng d | ||
| 035 | _a(Sirsi) u62253 | ||
| 041 | _aeng | ||
| 100 | _aBray, P. | ||
| 245 | 4 | _aThe safety catch | |
| 260 | _c1992 | ||
| 350 | _a0 | ||
| 490 |
_aWhich Computer? _vNovember 1992, 55-61(4) |
||
| 520 | _aOutlines the EC directive "Work with Display Screen Equipment" due to be implemented in January 1993. Sets out the responsibilities of employers to employees working with VDUs. | ||
| 650 | _aEC DIRECTIVES | ||
| 650 | _aEYE TESTS | ||
| 650 |
_aHEALTH AND SAFETY _96244 |
||
| 650 | _aVISUAL DISPLAY UNITS | ||
| 650 | _aWORKSTATIONS | ||
| 690 | _aOFFICE SERVICES AND ADMINISTRATION | ||
| 942 | _n0 | ||
| 948 | _c04/03/1997 | ||
| 999 |
_c38685 _d38685 |
||